[Event "Olomouc Chess Summer 2022 - A"]
[Site "Olomouc (CZE), Hotel Flora"]
[Date "2022.08.13"]
[Round "1"]
[Board "1"]
[White "Sorm, Daniel"]
[Black "Mirzoev, Azer"]
[Result "0-1"]
[WhiteElo "2308"]
[BlackElo "2435"]
[PlyCount "0"]
[EventDate "2022.08.13"]
[EventRounds "9"]
[EventCountry "CZE"]

1. d4 {[%clk 1:30:53]} d5 {[%clk 1:30:48]} 2. c4 {[%clk 1:31:03]} e6
{[%clk 1:31:08]} 3. Nc3 {[%clk 1:31:24]} a6 {[%clk 1:31:22]} 4. e3
{[%clk 1:30:15]} Nf6 {[%clk 1:31:43]} 5. cxd5 {[%clk 1:30:31]} exd5
{[%clk 1:32:05]} 6. Bd3 {[%clk 1:30:49]} c5 {[%clk 1:32:12]} 7. Nge2
{[%clk 1:30:42]} Nc6 {[%clk 1:32:34]} 8. O-O {[%clk 1:30:31]} Bd6
{[%clk 1:31:56]} 9. dxc5 {[%clk 1:30:23]} Bxc5 {[%clk 1:27:37]} 10. Nf4
{[%clk 1:25:39]} Ne7 {[%clk 1:20:27]} 11. Nh5 {[%clk 1:19:33]} Nxh5
{[%clk 1:14:58]} 12. Qxh5 {[%clk 1:19:56]} Be6 {[%clk 1:14:46]} 13. Bd2
{[%clk 1:04:45]} h6 {[%clk 1:12:02]} 14. Rac1 {[%clk 1:02:48]} Bd6
{[%clk 1:10:49]} 15. Ne2 {[%clk 0:53:25]} Qd7 {[%clk 1:08:50]} 16. f3
{[%clk 0:49:14]} O-O {[%clk 1:06:47]} 17. Nd4 {[%clk 0:49:01]} Rac8
{[%clk 1:01:47]} 18. Bc3 {[%clk 0:43:55]} Bc5 {[%clk 0:56:28]} 19. Qh4
{[%clk 0:28:48]} Nc6 {[%clk 0:49:38]} 20. Rfd1 {[%clk 0:26:22]} Rfe8
{[%clk 0:46:58]} 21. Qf2 {[%clk 0:20:29]} Qe7 {[%clk 0:44:24]} 22. Nxc6
{[%clk 0:18:13]} Rxc6 {[%clk 0:44:31]} 23. Bd4 {[%clk 0:17:50]} Bxd4
{[%clk 0:43:32]} 24. exd4 {[%clk 0:18:11]} Rec8 {[%clk 0:43:54]} 25. Rxc6
{[%clk 0:14:28]} Rxc6 {[%clk 0:44:20]} 26. Qd2 {[%clk 0:14:43]} Qf6
{[%clk 0:42:26]} 27. Bb1 {[%clk 0:14:40]} Bf5 {[%clk 0:32:29]} 28. Bxf5
{[%clk 0:15:05]} Qxf5 {[%clk 0:32:55]} 29. Rc1 {[%clk 0:15:32]} Rg6
{[%clk 0:31:36]} 30. Kf2 {[%clk 0:12:44]} b6 {[%clk 0:30:13]} 31. h3
{[%clk 0:10:19]} Qf6 {[%clk 0:26:56]} 32. Rc8+ {[%clk 0:06:29]} Kh7
{[%clk 0:27:21]} 33. Qd3 {[%clk 0:06:34]} Qh4+ {[%clk 0:26:20]} 34. Kf1
{[%clk 0:06:55]} Qg3 {[%clk 0:26:39]} 35. Rc2 {[%clk 0:07:06]} Qh2
{[%clk 0:25:09]} 36. Rf2 {[%clk 0:06:25]} Kg8 {[%clk 0:23:51]} 37. Qc2
{[%clk 0:00:35]} Qh1+ {[%clk 0:19:15]} 38. Ke2 {[%clk 0:01:05]} Re6+
{[%clk 0:12:00]} 39. Kd3 {[%clk 0:01:26]} g6 {[%clk 0:11:15]} 40. a3
{[%clk 0:00:33]} Kg7 {[%clk 0:10:46]} 41. Qd2 {[%clk 0:22:33]} Rc6
{[%clk 0:37:16]} 42. Ke2 {[%clk 0:19:38]} Rc1 {[%clk 0:35:19]} 43. f4
{[%clk 0:18:34]} Rc6 {[%clk 0:26:35]} 44. Kf3 {[%clk 0:14:22]} Qh2
{[%clk 0:22:39]} 45. Rf1 {[%clk 0:07:12]} Rf6 {[%clk 0:22:16]} 46. Ke3
{[%clk 0:06:35]} g5 {[%clk 0:20:15]} 47. f5 {[%clk 0:04:42]} Qc7 {[%clk 0:20:21]}
48. g4 {[%clk 0:03:35]} Rc6 {[%clk 0:20:12]} 49. Rf2 {[%clk 0:03:11]} Qe7+
{[%clk 0:15:14]} 50. Kf3 {[%clk 0:03:30]} Qe4+ {[%clk 0:15:31]} 51. Kg3
{[%clk 0:03:57]} Rc4 {[%clk 0:15:39]} 52. Re2 {[%clk 0:02:15]} Qxd4
{[%clk 0:12:14]} 53. Qxd4+ {[%clk 0:02:40]} Rxd4 {[%clk 0:12:43]} 54. Re3
{[%clk 0:02:04]} b5 {[%clk 0:11:59]} 55. h4 {[%clk 0:01:51]} Rd2 {[%clk 0:10:58]}
56. hxg5 {[%clk 0:01:28]} hxg5 {[%clk 0:11:24]} 57. Rb3 {[%clk 0:00:39]} Kf6
{[%clk 0:09:53]} 58. a4 {[%clk 0:00:51]} bxa4 {[%clk 0:10:08]} 59. Rb6+
{[%clk 0:01:02]} Ke5 {[%clk 0:10:33]} 60. Rxa6 {[%clk 0:01:28]} Rd3+
{[%clk 0:10:54]} 61. Kf2 {[%clk 0:01:29]} Rd4 {[%clk 0:11:17]} 62. Kf3
{[%clk 0:01:42]} Rf4+ {[%clk 0:11:43]} 63. Kg3 {[%clk 0:02:03]} Rb4
{[%clk 0:12:11]} 64. Ra7 {[%clk 0:01:46]} Rb3+ {[%clk 0:12:35]} 65. Kf2
{[%clk 0:02:06]} Rxb2+ {[%clk 0:13:00]} 66. Ke3 {[%clk 0:02:28]} Rb4
{[%clk 0:10:35]} 67. Kf3 {[%clk 0:01:51]} Rb3+ {[%clk 0:10:54]} 68. Ke2
{[%clk 0:02:15]} a3 {[%clk 0:10:12]} 69. Rxf7 {[%clk 0:02:34]} Kf4
{[%clk 0:10:26]} 70. Rd7 {[%clk 0:01:35]} a2 {[%clk 0:10:14]} 71. Ra7
{[%clk 0:02:02]} Rb2+ {[%clk 0:10:25]} 72. Kd3 {[%clk 0:02:28]} Kxg4
{[%clk 0:10:49]} 73. f6 {[%clk 0:02:45]} Rf2 {[%clk 0:11:13]} 74. Ra4+
{[%clk 0:02:19]} Kh5 {[%clk 0:11:30]} 75. f7 {[%clk 0:02:42]} Rxf7
{[%clk 0:11:55]} 76. Rxa2 {[%clk 0:03:10]} g4 {[%clk 0:12:11]} 77. Kd4
{[%clk 0:03:19]} Rf5 {[%clk 0:12:33]}  0-1

[Event "Olomouc Chess Summer 2022 - A"]
[Site "Olomouc (CZE), Hotel Flora"]
[Date "2022.08.13"]
[Round "1"]
[Board "2"]
[White "Krejci, Jan"]
[Black "Svanda, Ondrej"]
[Result "1-0"]
[WhiteElo "2515"]
[BlackElo "2389"]
[PlyCount "0"]
[EventDate "2022.08.13"]
[EventRounds "9"]
[EventCountry "CZE"]

1. d4 {[%clk 1:30:57]} Nf6 {[%clk 1:30:56]} 2. c4 {[%clk 1:31:22]} e6
{[%clk 1:31:23]} 3. Nc3 {[%clk 1:31:37]} Bb4 {[%clk 1:31:46]} 4. e3
{[%clk 1:31:56]} O-O {[%clk 1:31:47]} 5. Nf3 {[%clk 1:30:36]} d5 {[%clk 1:31:21]}
6. Bd2 {[%clk 1:29:50]} b6 {[%clk 1:28:27]} 7. cxd5 {[%clk 1:30:08]} exd5
{[%clk 1:28:56]} 8. Bd3 {[%clk 1:30:29]} Bb7 {[%clk 1:26:26]} 9. Rc1
{[%clk 1:30:54]} a6 {[%clk 1:18:29]} 10. O-O {[%clk 1:31:16]} Bd6
{[%clk 1:05:00]} 11. Ne5 {[%clk 1:31:39]} c5 {[%clk 1:05:24]} 12. f4
{[%clk 1:30:57]} Nc6 {[%clk 1:01:32]} 13. Be1 {[%clk 1:31:21]} cxd4
{[%clk 1:01:33]} 14. Nxc6 {[%clk 1:31:45]} Bxc6 {[%clk 1:02:01]} 15. exd4
{[%clk 1:32:07]} Qd7 {[%clk 0:56:29]} 16. Qc2 {[%clk 1:21:12]} h6
{[%clk 0:30:08]} 17. Bh4 {[%clk 1:17:10]} Be7 {[%clk 0:30:08]} 18. h3
{[%clk 1:07:37]} Rfe8 {[%clk 0:28:17]} 19. Rfe1 {[%clk 1:04:24]} Qd6
{[%clk 0:19:16]} 20. Bg3 {[%clk 0:50:59]} Bb7 {[%clk 0:14:00]} 21. Qf2
{[%clk 0:45:36]} Ne4 {[%clk 0:06:22]} 22. Nxe4 {[%clk 0:40:35]} dxe4
{[%clk 0:06:51]} 23. f5 {[%clk 0:40:57]} Qb4 {[%clk 0:04:39]} 24. a3
{[%clk 0:36:32]} Qa4 {[%clk 0:01:40]} 25. Bc2 {[%clk 0:28:54]} Qb5
{[%clk 0:02:05]} 26. Bxe4 {[%clk 0:28:35]} Bxe4 {[%clk 0:02:31]} 27. Rxe4
{[%clk 0:29:00]} Bf6 {[%clk 0:02:19]} 28. Be5 {[%clk 0:19:05]} Bxe5
{[%clk 0:02:48]} 29. dxe5 {[%clk 0:19:25]} Rxe5 {[%clk 0:03:16]} 30. Rxe5
{[%clk 0:14:59]} Qxe5 {[%clk 0:03:46]} 31. f6 {[%clk 0:15:21]} Qxf6
{[%clk 0:02:47]} 32. Qxf6 {[%clk 0:15:45]} gxf6 {[%clk 0:03:15]} 33. Rc6
{[%clk 0:16:09]} Rb8 {[%clk 0:03:14]} 34. Rxf6 {[%clk 0:16:33]} Kg7
{[%clk 0:03:40]} 35. Rc6 {[%clk 0:16:58]} a5 {[%clk 0:03:35]} 36. Kf2
{[%clk 0:17:17]} b5 {[%clk 0:02:49]} 37. b4 {[%clk 0:11:14]} axb4
{[%clk 0:03:17]} 38. axb4 {[%clk 0:11:39]} f6 {[%clk 0:02:23]} 39. Rc5
{[%clk 0:12:02]} Kf7 {[%clk 0:02:32]} 40. g4 {[%clk 0:12:10]} Kg6
{[%clk 0:01:26]} 41. Rd5 {[%clk 0:11:44]} Rb6 {[%clk 0:01:05]} 42. Ke3
{[%clk 0:10:29]} Rc6 {[%clk 0:22:23]} 43. Rc5 {[%clk 0:39:53]} Ra6
{[%clk 0:18:56]} 44. h4 {[%clk 0:40:04]} Rb6 {[%clk 0:17:24]} 45. Kf4
{[%clk 0:33:45]} Rb8 {[%clk 0:14:51]} 46. h5+ {[%clk 0:33:23]} Kf7
{[%clk 0:15:19]} 47. Kf5 {[%clk 0:33:45]} Rb7 {[%clk 0:11:17]} 48. Rc6
{[%clk 0:33:47]} Rd7 {[%clk 0:11:37]} 49. Rxf6+ {[%clk 0:33:21]} Kg7
{[%clk 0:12:06]} 50. Rg6+ {[%clk 0:33:41]} Kh7 {[%clk 0:12:33]} 51. Re6
{[%clk 0:33:52]} Rf7+ {[%clk 0:12:36]} 52. Ke4 {[%clk 0:33:48]} Rc7
{[%clk 0:13:03]} 53. Kd5 {[%clk 0:33:48]} Rc4 {[%clk 0:13:28]} 54. Re4
{[%clk 0:34:00]} Rc1 {[%clk 0:13:52]} 55. Ke6 {[%clk 0:28:49]} Kg7
{[%clk 0:12:58]} 56. Re5 {[%clk 0:28:40]} Rc4 {[%clk 0:13:04]} 57. Rxb5
{[%clk 0:27:27]} Rxg4 {[%clk 0:13:32]} 58. Rb7+ {[%clk 0:27:51]} Kf8
{[%clk 0:13:54]} 59. b5 {[%clk 0:27:57]} Rg5 {[%clk 0:14:03]} 60. b6
{[%clk 0:28:12]}  1-0

[Event "Olomouc Chess Summer 2022 - A"]
[Site "Olomouc (CZE), Hotel Flora"]
[Date "2022.08.13"]
[Round "1"]
[Board "3"]
[White "Frank, Adam"]
[Black "Baum, Jonasz"]
[Result "0-1"]
[WhiteElo "2307"]
[BlackElo "2412"]
[PlyCount "0"]
[EventDate "2022.08.13"]
[EventRounds "9"]
[EventCountry "CZE"]

1. e4 {[%clk 1:30:57]} e6 {[%clk 1:30:46]} 2. d4 {[%clk 1:31:21]} d5
{[%clk 1:31:11]} 3. Nd2 {[%clk 1:31:47]} c5 {[%clk 1:31:09]} 4. exd5
{[%clk 1:32:07]} Qxd5 {[%clk 1:31:31]} 5. Ngf3 {[%clk 1:32:33]} cxd4
{[%clk 1:31:51]} 6. Bc4 {[%clk 1:32:59]} Qd6 {[%clk 1:31:52]} 7. Qe2
{[%clk 1:32:45]} Nf6 {[%clk 1:29:03]} 8. Nb3 {[%clk 1:33:10]} Nc6
{[%clk 1:28:40]} 9. Bg5 {[%clk 1:33:33]} a6 {[%clk 1:22:45]} 10. O-O-O
{[%clk 1:31:46]} b5 {[%clk 1:22:38]} 11. Bd3 {[%clk 1:31:11]} Be7
{[%clk 1:16:42]} 12. Kb1 {[%clk 1:29:27]} Bb7 {[%clk 1:11:21]} 13. Nbxd4
{[%clk 1:24:26]} Nxd4 {[%clk 1:11:28]} 14. Nxd4 {[%clk 1:24:51]} O-O
{[%clk 1:01:00]} 15. Rhe1 {[%clk 0:59:58]} Qxd4 {[%clk 0:53:52]} 16. Bxh7+
{[%clk 0:59:38]} Nxh7 {[%clk 0:54:18]} 17. Rxd4 {[%clk 0:58:54]} Bxg5
{[%clk 0:54:42]} 18. f4 {[%clk 0:51:32]} Bf6 {[%clk 0:55:07]} 19. Rdd1
{[%clk 0:51:34]} Rac8 {[%clk 0:48:21]} 20. g4 {[%clk 0:40:19]} g6
{[%clk 0:47:13]} 21. Qf2 {[%clk 0:27:47]} Rc4 {[%clk 0:44:51]} 22. b3
{[%clk 0:28:13]} Rc3 {[%clk 0:28:36]} 23. g5 {[%clk 0:20:36]} Bg7
{[%clk 0:28:55]} 24. Re3 {[%clk 0:20:37]} Rc7 {[%clk 0:25:15]} 25. h4
{[%clk 0:14:11]} Rfc8 {[%clk 0:25:22]} 26. Red3 {[%clk 0:06:55]} Be4
{[%clk 0:22:56]} 27. Rd8+ {[%clk 0:07:21]} Nf8 {[%clk 0:23:08]} 28. Rxc8
{[%clk 0:07:45]} Rxc8 {[%clk 0:23:35]} 29. Rd2 {[%clk 0:07:55]} Rc3
{[%clk 0:23:02]} 30. Qe1 {[%clk 0:01:16]} Bf5 {[%clk 0:22:09]} 31. Qf2
{[%clk 0:01:37]} a5 {[%clk 0:19:53]} 32. Kc1 {[%clk 0:01:16]} a4 {[%clk 0:19:37]}
33. Qb6 {[%clk 0:01:09]} Rh3 {[%clk 0:18:34]} 34. Qxb5 {[%clk 0:01:26]} a3
{[%clk 0:16:21]} 35. Qf1 {[%clk 0:00:51]} Rxh4 {[%clk 0:15:32]} 36. Rf2
{[%clk 0:00:32]} Bd4 {[%clk 0:14:28]} 37. Re2 {[%clk 0:00:54]} Rg4
{[%clk 0:13:21]} 38. Re1 {[%clk 0:01:05]} Bc5 {[%clk 0:04:56]} 39. Rd1
{[%clk 0:00:32]} Be3+ {[%clk 0:05:01]} 40. Kb1 {[%clk 0:00:56]} Bxf4
{[%clk 0:03:32]} 41. Qf2 {[%clk 0:22:01]} Bxg5 {[%clk 0:27:31]} 42. Rg1
{[%clk 0:21:55]} Bh4 {[%clk 0:21:20]} 43. Qa7 {[%clk 0:20:41]} Rxg1+
{[%clk 0:14:35]} 44. Qxg1 {[%clk 0:21:07]} e5 {[%clk 0:14:48]} 45. b4
{[%clk 0:16:05]} Be7 {[%clk 0:13:38]} 46. b5 {[%clk 0:15:53]} Nd7
{[%clk 0:13:56]} 47. Qa7 {[%clk 0:14:53]} Bc5 {[%clk 0:14:20]} 48. Qa8+
{[%clk 0:14:34]} Kg7 {[%clk 0:14:41]} 49. Qd5 {[%clk 0:14:01]} e4
{[%clk 0:14:20]} 50. Kc1 {[%clk 0:12:28]} e3 {[%clk 0:14:36]} 51. Qf3
{[%clk 0:12:17]} Be6 {[%clk 0:14:30]} 52. Qd1 {[%clk 0:11:45]} Nb6
{[%clk 0:13:18]} 53. Qd3 {[%clk 0:12:03]} Nc4 {[%clk 0:13:10]} 54. Qc3+
{[%clk 0:12:12]} Kg8 {[%clk 0:13:24]} 55. Qd3 {[%clk 0:12:08]} Bb6
{[%clk 0:13:23]} 56. c3 {[%clk 0:12:32]} Kg7 {[%clk 0:10:10]} 57. Qe4
{[%clk 0:12:20]} Bd8 {[%clk 0:08:48]} 58. Kd1 {[%clk 0:10:52]} Bf6
{[%clk 0:07:35]} 59. b6 {[%clk 0:09:53]} Nxb6 {[%clk 0:07:48]} 60. Qxe3
{[%clk 0:10:19]} Nd5 {[%clk 0:08:12]} 61. Qc5 {[%clk 0:09:53]} Nxc3+
{[%clk 0:08:23]} 62. Kc2 {[%clk 0:07:34]} Bf5+ {[%clk 0:08:20]} 63. Kb3
{[%clk 0:07:59]} Nb1 {[%clk 0:08:32]} 64. Ka4 {[%clk 0:06:25]} Bb2
{[%clk 0:08:47]} 65. Kb3 {[%clk 0:04:35]} Be6+ {[%clk 0:08:35]} 66. Kc2
{[%clk 0:05:01]} Bxa2 {[%clk 0:08:47]} 67. Qa5 {[%clk 0:04:47]} Bf6
{[%clk 0:09:04]} 68. Qa8 {[%clk 0:04:52]} Be6 {[%clk 0:09:23]}  0-1

[Event "Olomouc Chess Summer 2022 - A"]
[Site "Olomouc (CZE), Hotel Flora"]
[Date "2022.08.13"]
[Round "1"]
[Board "4"]
[White "Winkelman, Albert"]
[Black "Lutsko, Artem"]
[Result "0-1"]
[WhiteElo "2278"]
[BlackElo "2407"]
[PlyCount "0"]
[EventDate "2022.08.13"]
[EventRounds "9"]
[EventCountry "CZE"]

1. c4 {[%clk 1:30:56]} Nf6 {[%clk 1:25:05]} 2. Nc3 {[%clk 1:31:13]} e5
{[%clk 1:24:40]} 3. g3 {[%clk 1:31:31]} Bb4 {[%clk 1:24:50]} 4. Bg2
{[%clk 1:31:30]} O-O {[%clk 1:24:17]} 5. Nf3 {[%clk 1:31:16]} Bxc3
{[%clk 1:21:00]} 6. bxc3 {[%clk 1:31:35]} Re8 {[%clk 1:19:08]} 7. O-O
{[%clk 1:30:58]} c6 {[%clk 1:18:31]} 8. Rb1 {[%clk 1:26:56]} d5 {[%clk 1:17:35]}
9. d4 {[%clk 1:24:16]} e4 {[%clk 1:15:04]} 10. Ne5 {[%clk 1:24:35]} Nbd7
{[%clk 1:15:01]} 11. cxd5 {[%clk 1:17:50]} cxd5 {[%clk 1:15:13]} 12. Bf4
{[%clk 1:18:03]} Nb6 {[%clk 1:07:15]} 13. a4 {[%clk 1:03:57]} Nh5
{[%clk 1:04:29]} 14. Be3 {[%clk 1:03:49]} Nd7 {[%clk 0:52:13]} 15. c4
{[%clk 1:02:37]} Nhf6 {[%clk 0:51:17]} 16. Bf4 {[%clk 1:00:38]} dxc4
{[%clk 0:51:23]} 17. Nxc4 {[%clk 1:00:14]} Nb6 {[%clk 0:49:54]} 18. Nd6
{[%clk 0:56:12]} Re7 {[%clk 0:49:36]} 19. Be5 {[%clk 0:55:02]} Nfd5
{[%clk 0:40:25]} 20. Nxe4 {[%clk 0:48:21]} f6 {[%clk 0:32:28]} 21. Bf4
{[%clk 0:43:59]} Bf5 {[%clk 0:31:43]} 22. Qd3 {[%clk 0:44:02]} Kh8
{[%clk 0:20:50]} 23. Bd2 {[%clk 0:40:46]} Nxa4 {[%clk 0:20:07]} 24. Rfc1
{[%clk 0:39:23]} a6 {[%clk 0:19:06]} 25. f3 {[%clk 0:38:56]} b5 {[%clk 0:18:45]}
26. Rc6 {[%clk 0:38:48]} Qe8 {[%clk 0:16:25]} 27. Qc2 {[%clk 0:37:53]} Bd7
{[%clk 0:14:05]} 28. Nd6 {[%clk 0:21:56]} Qd8 {[%clk 0:12:57]} 29. Rc5
{[%clk 0:16:55]} Nxc5 {[%clk 0:11:23]} 30. Qxc5 {[%clk 0:17:14]} Be6
{[%clk 0:10:05]} 31. e4 {[%clk 0:17:03]} Rc7 {[%clk 0:05:50]} 32. Qa3
{[%clk 0:17:12]} b4 {[%clk 0:06:16]} 33. Bxb4 {[%clk 0:16:15]} Nxb4
{[%clk 0:06:25]} 34. Qxb4 {[%clk 0:15:55]} a5 {[%clk 0:06:46]} 35. Qa3
{[%clk 0:15:30]} Rb8 {[%clk 0:07:10]} 36. Rxb8 {[%clk 0:11:16]} Qxb8
{[%clk 0:07:39]} 37. Bf1 {[%clk 0:11:33]} Qb3 {[%clk 0:03:40]} 38. Nb5
{[%clk 0:01:54]} Qxa3 {[%clk 0:03:27]} 39. Nxa3 {[%clk 0:02:19]} Rc3
{[%clk 0:03:44]} 40. d5 {[%clk 0:02:14]} Rxa3 {[%clk 0:03:23]} 41. dxe6
{[%clk 0:02:36]} Kg8 {[%clk 0:03:49]} 42. Kf2 {[%clk 0:02:58]} Kf8
{[%clk 0:03:19]} 43. Bc4 {[%clk 0:22:35]} Rc3 {[%clk 0:33:19]} 44. Bd5
{[%clk 0:22:48]} a4 {[%clk 0:33:46]} 45. Ke2 {[%clk 0:23:01]} a3 {[%clk 0:34:08]}
46. Kd2 {[%clk 0:22:30]} Rxf3 {[%clk 0:34:32]}  0-1

[Event "Olomouc Chess Summer 2022 - A"]
[Site "Olomouc (CZE), Hotel Flora"]
[Date "2022.08.13"]
[Round "1"]
[Board "5"]
[White "Pap, Gyula"]
[Black "Stalmach, Richard"]
[Result "1/2-1/2"]
[WhiteElo "2481"]
[BlackElo "2387"]
[PlyCount "0"]
[EventDate "2022.08.13"]
[EventRounds "9"]
[EventCountry "CZE"]

1. e4 c5 2. Nf3 e6 3. d4 cxd4 4. Nxd4 Nc6 5. Nc3 Qc7 6. Qd3 Nf6 7. Nxc6 bxc6 8.
Qg3 d6 9. Bd3 h5 10. h3 h4 11. Qf3 Be7 12. Qe2 e5 13. Bc4 Bb7 14. Bg5 Nh5 15. Be3
Rd8 16. O-O-O Qa5 17. Qf3 Nf6 18. Bg5 Qb4 19. Bb3 Bc8 20. Rd3 Be6 21. Rhd1 a5 22.
Ba4 Qb7 23. Bxf6 gxf6 24. Nd5 Kf8 25. Rb3 Qa8 26. Nc7 Qc8 27. Nxe6+ fxe6 28. Rb6
c5 29. Rc6 Qb7 30. Qg4 Kf7 31. Bb3 Qxc6 32. Qxe6+ Kg6 33. Qg4+ Kh7 34. Qh5+ Kg7
35. Qf7+ Kh6 36. Qxe7 Rhf8 37. Bf7 Qxe4 38. Qxf6+ Kh7 39. Kb1 a4 40. g4 Qf4 41.
Qg6+ Kh8 42. Qh5+ Kg7  1/2-1/2

[Event "Olomouc Chess Summer 2022 - A"]
[Site "Olomouc (CZE), Hotel Flora"]
[Date "2022.08.14"]
[Round "2"]
[Board "1"]
[White "Mirzoev, Azer"]
[Black "Stalmach, Richard"]
[Result "1/2-1/2"]
[WhiteElo "2435"]
[BlackElo "2387"]
[PlyCount "0"]
[EventDate "2022.08.13"]
[EventRounds "9"]
[EventCountry "CZE"]

1. d4 {[%clk 1:26:57]} Nf6 {[%clk 1:30:47]} 2. Nf3 {[%clk 1:27:22]} g6
{[%clk 1:31:08]} 3. g3 {[%clk 1:27:48]} Bg7 {[%clk 1:31:19]} 4. Bg2
{[%clk 1:28:14]} O-O {[%clk 1:31:42]} 5. O-O {[%clk 1:28:37]} d6 {[%clk 1:32:08]}
6. b3 {[%clk 1:28:15]} e5 {[%clk 1:31:07]} 7. dxe5 {[%clk 1:28:38]} dxe5
{[%clk 1:31:33]} 8. Ba3 {[%clk 1:28:20]} Qxd1 {[%clk 1:31:34]} 9. Rxd1
{[%clk 1:28:39]} Re8 {[%clk 1:32:02]} 10. Nc3 {[%clk 1:27:55]} c6
{[%clk 1:23:18]} 11. e4 {[%clk 1:21:22]} Bg4 {[%clk 1:18:45]} 12. h3
{[%clk 1:19:33]} Bxf3 {[%clk 1:15:09]} 13. Bxf3 {[%clk 1:19:57]} Nbd7
{[%clk 1:15:07]} 14. Bb2 {[%clk 1:19:27]} Nc5 {[%clk 1:13:29]} 15. Bg2
{[%clk 1:19:00]} a5 {[%clk 1:09:52]} 16. a3 {[%clk 1:19:19]} b5 {[%clk 0:58:47]}
17. f3 {[%clk 1:16:13]} Rad8 {[%clk 0:49:47]} 18. Bf1 {[%clk 1:12:49]} Nfd7
{[%clk 0:40:34]} 19. Rd6 {[%clk 1:07:17]} Re6 {[%clk 0:31:01]} 20. Rad1
{[%clk 1:06:42]} Bf8 {[%clk 0:29:37]} 21. Rxe6 {[%clk 1:06:47]} Nxe6
{[%clk 0:30:04]} 22. Ne2 {[%clk 1:06:19]} f6 {[%clk 0:26:21]} 23. h4
{[%clk 1:03:41]} Bc5+ {[%clk 0:22:39]} 24. Kg2 {[%clk 1:01:55]} Nb6
{[%clk 0:22:37]} 25. Rxd8+ {[%clk 1:01:38]} Nxd8 {[%clk 0:23:03]} 26. f4
{[%clk 0:58:30]} Bd6 {[%clk 0:22:05]} 27. Kf3 {[%clk 0:57:23]} Ne6
{[%clk 0:20:45]} 28. f5 {[%clk 0:55:24]} Nc5 {[%clk 0:19:39]} 29. g4
{[%clk 0:55:40]} a4 {[%clk 0:17:57]} 30. b4 {[%clk 0:52:24]} Nb7 {[%clk 0:17:04]}
31. Ng3 {[%clk 0:49:26]} Be7 {[%clk 0:13:40]} 32. Bc1 {[%clk 0:49:16]} Nd6
{[%clk 0:13:18]} 33. Bd3 {[%clk 0:48:52]} Nbc4 {[%clk 0:07:19]} 34. Nf1
{[%clk 0:48:29]} Kf7 {[%clk 0:04:00]} 35. Ne3 {[%clk 0:48:20]} Nb6
{[%clk 0:03:44]} 36. Bd2 {[%clk 0:46:26]} Bd8 {[%clk 0:03:31]} 37. c3
{[%clk 0:43:36]} g5 {[%clk 0:02:03]} 38. hxg5 {[%clk 0:43:54]} fxg5
{[%clk 0:02:30]} 39. Bb1 {[%clk 0:43:40]} Nbc4 {[%clk 0:02:17]} 40. Nxc4
{[%clk 0:43:28]} Nxc4 {[%clk 0:02:14]} 41. Ba2 {[%clk 0:43:12]} Kf6
{[%clk 0:30:43]} 42. Bc1 {[%clk 1:14:37]} Bb6 {[%clk 0:31:11]} 43. Ke2
{[%clk 1:14:58]} h6 {[%clk 0:30:21]} 44. Kd3 {[%clk 1:12:57]} Nd6
{[%clk 0:30:07]} 45. Be6 {[%clk 1:04:21]} Ke7 {[%clk 0:30:02]} 46. c4
{[%clk 0:59:12]} Bd4 {[%clk 0:29:50]} 47. cxb5 {[%clk 0:56:25]} cxb5
{[%clk 0:30:13]} 48. Bd5 {[%clk 0:55:29]} Ne8 {[%clk 0:28:54]} 49. Ke2
{[%clk 0:52:59]} Kd6 {[%clk 0:28:42]} 50. Bf7 {[%clk 0:53:04]} Nf6
{[%clk 0:28:58]} 51. Kf3 {[%clk 0:53:14]}  1/2-1/2

[Event "Olomouc Chess Summer 2022 - A"]
[Site "Olomouc (CZE), Hotel Flora"]
[Date "2022.08.14"]
[Round "2"]
[Board "2"]
[White "Lutsko, Artem"]
[Black "Pap, Gyula"]
[Result "1/2-1/2"]
[WhiteElo "2407"]
[BlackElo "2481"]
[PlyCount "0"]
[EventDate "2022.08.13"]
[EventRounds "9"]
[EventCountry "CZE"]

1. d4 {[%clk 1:30:59]} e6 {[%clk 1:26:37]} 2. Nf3 {[%clk 1:30:59]} Nf6
{[%clk 1:24:50]} 3. c4 {[%clk 1:31:06]} a6 {[%clk 1:22:07]} 4. Nc3
{[%clk 1:31:05]} d5 {[%clk 1:22:28]} 5. cxd5 {[%clk 1:30:13]} exd5
{[%clk 1:22:52]} 6. Bg5 {[%clk 1:30:06]} Be6 {[%clk 1:23:09]} 7. e3
{[%clk 1:30:07]} Nbd7 {[%clk 1:22:54]} 8. Bd3 {[%clk 1:29:36]} Bd6
{[%clk 1:22:35]} 9. O-O {[%clk 1:25:46]} c6 {[%clk 1:22:38]} 10. Bf4
{[%clk 1:25:34]} Qc7 {[%clk 1:22:33]} 11. Bxd6 {[%clk 1:16:04]} Qxd6
{[%clk 1:22:36]} 12. Qb3 {[%clk 1:12:42]} O-O {[%clk 1:19:34]} 13. Rfc1
{[%clk 1:11:57]} Bg4 {[%clk 1:16:14]}  1/2-1/2